| 000 | 00644nam a22001937a 4500 | ||
|---|---|---|---|
| 005 | 20180809113115.0 | ||
| 010 | _aENG-123835 | ||
| 020 |
_a9789383125036 _c495.00 |
||
| 035 | _aEN-107367 | ||
| 037 | _bDBAD/PUB | ||
| 082 | _a155.3330954 | ||
| 100 | _a Imhasly-Gandhy, Rashna | ||
| 245 |
_aThe emerging feminine: _cby Rashna Imhasly-Gandhy _bdiscovering the heroine within / |
||
| 260 |
_c2014 _aNew Delhi _bYatra Books |
||
| 270 | _bNew Delhi | ||
| 300 |
_axv,454p. _c20cm.(pbk) |
||
| 500 | _aIt includes source notes, bibliography, copyright acknowledgements and acknowledgements | ||
| 942 |
_2ddc _cEN _h155.3330954 _mIMH |
||
| 999 |
_c155672 _d155672 |
||